000 00666nam a22001935i 4500
001 167985
003 ES-MaACL
005 20230906213639.0
008 051003s1871 gw | |||||||| ||eng d
040 _aCAM
_bspa
_cCAM
100 1 _aWood, Henry
_cMistress (
_d1814-1887)
_9154460
245 1 0 _aDene Hollow
_b: a novel /
_cby Henry Wood.
260 _aLeipzig :
_bBernhard Tauchnitz,
_c[1871?]
300 _a2 v. (336 ; 351 p.) ;
_c16 cm.
490 1 _aCollection of british authors ;
_v1181 ; 1182
830 0 _aCollection of british authors ;
_v1181 ; 1182
_9180703
852 _aES-MaACL
_jG-12891
_z-- Enc. hol.
_z-- Enc. 2 t. en 1 v.
999 _c167985
_d167985